000 00566cam a22002052 4500
001 0000021164
005 20151217152227.0
008 120201s xx 000 0 eng d
020 _a0073049921
040 _aKABU
_cKABU
100 1 _aTillery, Bill W.
_@0000181893
245 1 0 _aPhysical science /
_cBill W. Tillery.
250 _a7th ed.
260 _aBoston :
_bMcGraw Hill,
_c2007.
300 _axxi, 729 p.
650 0 _aPhysical sciences.
_@0000153974
852 1 _9p1500 KES
908 _a120201
950 _@1
999 _c9575
_d9575